000 00944nam a22003257a 4500
003 CHAP
005 20220329140439.0
008 971013s1952 r 00010 d
010 _a52116
011 _a53088
035 _a57238
040 _cCHAP
082 _a660.282
_bW58 1952
100 0 0 _aWise, Louis Elsberg.
_9122330
245 _aWood Chemistry
250 _a2 ed.
260 _aNew York :
_bReinhold,
_c1952
300 _av.
590 _aBATCH-UPD
_b10
_c20130110
_lUCH01
_h0436
590 _aBATCH-UPD
_b10
_c20130110
_lUCH01
_h2305
590 _aBATCH-UPD
_b10
_c20130410
_lUCH01
_h0112
590 _aBATCH-UPD
_b10
_c20130914
_lUCH01
_h0907
590 _aCONVERSION
_b10
_c20130109
_lUCH01
_h1328
650 1 4 _aCelulosa.
_920915
650 1 4 _aMadera
_xQuĂ­mica.
_969623
700 0 _aJahn, Edwin C.
_960905
901 _aBK
942 _cLIBRO
949 _a660.282 W58 1952
_bBC
_cLIBRO
_d33724000129797
_eLIBRO
_fv.2
_h25195
_i57238
_si
999 _c52116
_d52116